[Event "Landsturneringen 2012"]
[Site "Sandefjord, Vestfold NOR"]
[Date "2012.07.11"]
[Round "6"]
[White "Endresen, Ola Torstein"]
[Black "Garmark, Vegard"]
[Result "0-1"]
[WhiteElo "1240"]
[BlackElo "1249"]
[Annotator "Fritz 11 (30s)"]
[PlyCount "147"]

{A20: English Opening: 1...e5} 1. c4 e5 2. g3 Nf6 3. Bg2 c6 4. b3 d5 5. Bb2 {
last book move} d4 {Black gains space} 6. Nf3 Bd6 7. O-O O-O 8. d3 {
Prevents intrusion on e4} Bf5 9. Nh4 {White threatens to win material: Nh4xf5}
Qd7 (9... Be6 $5 $15) 10. Nxf5 $11 Qxf5 11. e4 dxe3 12. fxe3 Qe6 {
White king safety improved} (12... Qg5 13. Qe2 $11) 13. Nd2 Nbd7 14. Ne4 Nxe4
15. Bxe4 f5 {Black threatens to win material: f5xe4} 16. Bg2 (16. Bf3 Rae8 $11)
16... Nf6 (16... f4 17. Rf3 $15) 17. Qd2 Rad8 18. b4 (18. d4 Ng4 19. Bh3 Qg6
$11) 18... Kh8 (18... Ng4 19. h3 Nf6 20. Qc3 $15) 19. c5 {
White threatens to win material: c5xd6} Bc7 20. a3 (20. Qe2 Ng4 21. Bf3 h5 $11)
20... f4 {Black gets more space} (20... Ng4 21. Bh3 $15) 21. e4 (21. exf4 exf4
22. Rae1 Qb3 $11) 21... fxg3 (21... Ng4 $5 $17) 22. hxg3 $11 Rd7 23. Rf3 h6 24.
Kf2 $4 {a weak move, ruining a winning position} (24. Raf1 $142 $11 {
was possible}) 24... Nxe4+ $1 $19 {Deflection: d3} 25. Ke3 (25. dxe4 Rxf3+ {
Double attack} (25... Rxd2+ {Pinning}) (25... Rxd2+ {Deflection})) 25... Nxd2 (
25... Rxf3+ $142 {and Black wins} 26. Bxf3 Nxd2 27. Kxd2 e4 $19) 26. Rxf8+ Kh7
27. Kxd2 Rf7 (27... Qc4 $142 $1 {nails it down} 28. d4 Rxd4+ 29. Bxd4 Qxd4+ (
29... exd4 30. Be4+ g6 31. Raf1 Qc3+ 32. Kd1 $17) 30. Kc2 Qc4+ 31. Kb1 Qb3+ 32.
Kc1 Qc3+ (32... Qxg3 $6 {is a useless try} 33. Be4+ g6 34. Kb2 Qh2+ 35. Kc3 $17
) 33. Kb1 Qe1+ (33... Qxg3 $6 {is not possible} 34. Be4+ g6 35. Kb2 Qh2+ 36.
Kc3 $17) 34. Kb2 Qe2+ 35. Kc1 Qxg2 $19) 28. Be4+ g6 29. Rf1 Rxf1 30. Rxf1 Kg7
31. Kc2 Qg4 32. Rf3 Qh5 33. Kb3 (33. Rf2 Qg5 $19) 33... Qg5 (33... Qh2 {
and Black can already relax} 34. b5 Qg1 35. bxc6 bxc6 36. Bxc6 Qxc5 37. Be4 $19
) 34. Bc3 Qe7 35. Be1 Qe6+ 36. Kb2 b6 37. Bf2 b5 (37... bxc5 {
might be the shorter path} 38. Bxc5 Bb6 39. Bxb6 axb6 40. Rf1 $19) 38. Be3 (38.
Be1 Bd8 $19) 38... Bd8 (38... a5 {seems even better} 39. bxa5 Bxa5 40. Rf2 $19)
39. Bd2 Bf6 40. Be3 g5 (40... Bg5 $142 $19) 41. Bf5 $4 {
White has lost his nerve... understandable when you consider his position} (41.
Rf5 $142 $19) 41... e4+ 42. Kc2 (42. Kc1 {cannot change destiny} Qa2 43. Bxe4
Qxa3+ 44. Kd1 Qxb4 $19) 42... Qe5 (42... Qa2+ 43. Kc1 Qa1+ 44. Kc2 Qb2+ 45. Kd1
exf3 46. Bh7 Qe2+ 47. Kc1 Qxe3+ 48. Kb1 Qe1+ 49. Kc2 Qe2+ 50. Kc1 f2 51. d4
f1=Q#) 43. Bxe4 $19 Qc3+ 44. Kd1 Qxa3 45. Bd2 Qa1+ (45... Bc3 {
might be the shorter path} 46. Bxc3+ Qxc3 47. Rf5 Qxb4 48. Bxc6 Qg4+ 49. Rf3
Qa4+ 50. Kd2 Qb4+ 51. Ke2 Qxc5 52. Be4 $19) 46. Ke2 Qb2 47. Rf2 (47. d4 {
the last chance for counterplay} a5 48. bxa5 Qxd4 49. Bf5 Qe5+ 50. Be3 $19)
47... Bc3 48. Kf3 (48. Kd1 {desperation} Qb3+ 49. Ke2 Bxd2 50. Kxd2 Qxb4+ 51.
Kd1 Qxc5 52. Rc2 Qg1+ 53. Kd2 $19) 48... Bxd2 49. Bxc6 Qxb4 (49... Qc1 $142 {
keeps an even firmer grip} 50. Kg2 Bxb4 51. d4 $19) 50. Bxb5 (50. Be4 $19 {
no good, but what else?}) 50... Qxb5 51. Rxd2 Qxc5 52. d4 Qd5+ 53. Ke3 Kf6 (
53... g4 54. Rd1 Qf3+ 55. Kd2 Qxg3 56. Ra1 Qf2+ 57. Kd3 $19) 54. Rc2 Qb3+ 55.
Kd2 Kf5 56. Rc3 Qb4 57. Kd3 a5 58. Rc5+ Kg4 59. Rc4 Qb5 60. d5+ Kxg3 61. d6 Qd7
(61... a4 62. Kd4 a3 63. Rc3+ Kf4 64. d7 Qxd7+ 65. Kc4 Qa4+ 66. Kd5 Qb5+ 67.
Rc5 Qd7+ 68. Kc4 a2 69. Ra5 Qc6+ 70. Kd4 Qb6+ 71. Kd5 Qxa5+ 72. Kd4 a1=Q+ 73.
Kd3 Q1c3+ 74. Ke2 Qf3#) 62. Rd4 h5 63. Ke4 h4 64. Ke5 h3 65. Rd3+ Kg2 (65...
Kg4 66. Rd5 h2 67. Rd1 Qf5+ 68. Kd4 Qf4+ 69. Kc5 Qe3+ 70. Rd4+ Kh5 71. Kc4 h1=Q
72. Rd3 Qhe4+ 73. Kb5 Qb7+ 74. Kc4 Qb4+ 75. Kd5 Qb5#) 66. Rd2+ Kg3 67. Rd3+ Kg4
68. Rd4+ (68. Ra3 {hardly improves anything} h2 69. Ra2 Qf5+ 70. Kd4 h1=Q 71.
Rg2+ Qxg2 72. d7 Qe2 73. d8=Q Qed3#) 68... Kh5 69. Rd2 (69. Rc4 {
is not the saving move} Qb5+ 70. Kd4 h2 71. Rc8 Qb2+ 72. Ke4 h1=Q+ 73. Ke3 Qe1+
74. Kd3 Qee2#) 69... g4 70. Rc2 (70. Kf4 {
cannot undo what has already been done} Qf7+ 71. Ke5 Qg7+ 72. Ke4 Qg6+ 73. Ke3
Qe6+ 74. Kd4 Qxd6+ 75. Ke3 Qe7+ 76. Kd4 Qd7+ 77. Ke3 Qxd2+ 78. Kxd2 h2 79. Ke3
h1=Q 80. Kf4 Qh2+ 81. Kf5 g3 82. Ke4 Qh1+ 83. Ke5 Qc6 84. Kf4 g2 85. Kf5 g1=Q
86. Ke5 a4 87. Kf4 Qg5#) 70... Qb5+ 71. Ke6 (71. Kd4 {is not much help} Qa4+
72. Kc3 Qb4+ 73. Kd3 Qb3+ 74. Kd2 h2 75. Rc7 Kg6 76. Rc8 h1=Q 77. Rg8+ Qxg8 78.
Kc2 Qc4+ 79. Kd2 Qhc1#) 71... Qb3+ 72. Ke7 Qxc2 73. d7 Qd3 74. d8=Q (74. Ke8 {
does not win a prize} Qh7 75. d8=R Qg8+ 76. Ke7 Qg5+ 77. Kd7 Qxd8+ 78. Kxd8 g3
79. Kd7 g2 80. Kd6 g1=Q 81. Kd5 h2 82. Kc4 h1=Q 83. Kc3 Qf3+ 84. Kc4 Qg5 85.
Kd4 Qgd5#) 0-1

[Event "Landsturneringen 2012"]
[Site "Sandefjord, Vestfold NOR"]
[Date "2012.07.12"]
[Round "7"]
[White "Høva, Frode"]
[Black "Aarnes, Carl Christian"]
[Result "1-0"]
[WhiteElo "1533"]
[BlackElo "1627"]
[PlyCount "105"]
[EventDate "2012.07.07"]

1. Nf3 d5 2. g3 g6 3. Bg2 Bg7 4. O-O Nf6 5. d4 O-O 6. c4 c6 7. Nc3 Re8 8. Qc2
Bf5 9. Qb3 Qb6 10. Qxb6 axb6 11. cxd5 Nxd5 12. Nxd5 cxd5 13. Bd2 Nc6 14. Bc3
Ra4 15. e3 Rea8 16. a3 b5 17. Rac1 Bd3 18. Rfe1 b4 19. axb4 Nxb4 20. b3 Na2 21.
bxa4 Nxc1 22. Rxc1 Rxa4 23. Ne5 Bxe5 24. dxe5 e6 25. Bf3 b5 26. Bd1 Ra6 27. Bb4
Bc4 28. Kg2 Kg7 29. Kf3 f6 30. exf6+ Kxf6 31. Be2 Ra4 32. Bxc4 bxc4 33. Bc3+ e5
34. Rc2 Ra6 35. Kg4 h5+ 36. Kf3 g5 37. h3 Rd6 38. g4 h4 39. Ke2 d4 40. Rd2 d3+
41. Kf3 Rb6 42. Ke4 Ke6 43. Bxe5 Rb3 44. f4 gxf4 45. exf4 c3 46. Rxd3 c2 47.
Rd6+ Ke7 48. Rc6 Rxh3 49. Rxc2 Rb3 50. Rc3 Rb6 51. Rh3 Rh6 52. Kf5 Kf7 53. Kg5
1-0

[Event "Landsturneringen 2012"]
[Site "Sandefjord, Vestfold NOR"]
[Date "2012.07.13"]
[Round "8"]
[White "Skagseth, Håvard M"]
[Black "Høva, Frode"]
[Result "1-0"]
[WhiteElo "1699"]
[BlackElo "1533"]
[PlyCount "63"]
[EventDate "2012.07.07"]

1. e4 d6 2. d4 Nf6 3. Bd3 g6 4. Bg5 Bg7 5. Nd2 c5 6. c3 cxd4 7. cxd4 O-O 8.
Ngf3 Nc6 9. d5 Nb4 10. Be2 Bg4 11. O-O Bxf3 12. Bxf3 Nd3 13. Qb3 Nc5 14. Qe3 a6
15. e5 Nfd7 16. exd6 Re8 17. dxe7 Qa5 18. Nc4 Qb4 19. Nd6 Bd4 20. Qe1 Qxb2 21.
Nxe8 Rxe8 22. Rb1 Qc2 23. Qd1 Qf5 24. Qxd4 Qxg5 25. d6 Ne6 26. Qa4 b5 27. Qxa6
Ne5 28. Qb7 Nd4 29. Be4 Qf4 30. d7 Ng4 31. dxe8=Q+ Kg7 32. Qf8+ 1-0

[Event "Landsturneringen 2012"]
[Site "Sandefjord, Vestfold NOR"]
[Date "2012.07.13"]
[Round "8"]
[White "Kjøita, Leif"]
[Black "Garmark, Vegard"]
[Result "1-0"]
[WhiteElo "1155"]
[BlackElo "1249"]
[Annotator "Fritz 11 (30s)"]
[PlyCount "69"]
[EventDate "2012.07.07"]

{D04: Colle System} 1. d4 d5 2. Nf3 Nf6 3. e3 g6 4. Bd3 Bg7 5. O-O O-O 6. Nbd2
{last book move} Nc6 7. c3 {Consolidates b4} Nd7 (7... Re8 $5 $11) 8. e4 $14
dxe4 9. Nxe4 {Black has a cramped position. Black's piece can't move: c8} Nf6
10. Re1 e6 $2 (10... Nd5 $142 $14 {and Black can hope to survive}) 11. Bg5 $18
h6 12. Bh4 (12. Nxf6+ $5 Bxf6 13. Bxh6 Re8 $18) 12... g5 $16 13. Nfxg5 (13.
Nxf6+ $142 Bxf6 14. Bg3 $16) 13... hxg5 $4 {further deteriorates the position}
(13... Nxe4 $142 14. Nxe6 Qxh4 15. Rxe4 Qf6 16. Nxf8 Kxf8 $16) 14. Bxg5 $18 Nb8
(14... e5 {cannot change what is in store for ?} 15. Qf3 Nxe4 16. Bxd8 $18) 15.
Qf3 (15. Nxf6+ $142 {and White has prevailed} Bxf6 16. Qh5 Re8 $18) 15... Nbd7
16. Qg3 (16. h4 $142 {secures the win} Kh8 17. h5 $18) 16... Nxe4 $16 17. Bxe4
f6 18. Bh6 {White has a mate threat} (18. Bf4 Nb6 19. Bxc7 Qd7 $16) 18... Rf7
$14 {Black's piece can't move: c8} 19. Qg6 {White has a king attack} (19. Rad1
$5 $14) 19... Nf8 $11 {Black threatens to win material: Nf8xg6} 20. Qg3 Qd6 (
20... Nd7 $142 $5 $11 {should be investigated more closely}) 21. Bf4 $16 Qd7
22. h4 Re7 $2 (22... c6 23. Bf3 Nh7 24. a4 $16) 23. Rad1 (23. h5 $142 e5 24.
dxe5 $18) 23... Kf7 $2 (23... e5 $142 24. dxe5 Qg4 25. Bd5+ Kh7 26. exf6 Bxf6
27. Rxe7+ Bxe7 28. Be4+ Kg7 29. Bxc7 Qxg3 30. Bxg3 Bf6 $16) 24. h5 $18 e5 25.
dxe5 Qg4 26. exf6 (26. e6+ $142 {makes it even easier for White} Bxe6 27. Qh2
Bxa2 28. f3 $18) 26... Qxg3 $4 {leading to a quick end} (26... Kxf6 27. Rd3
Qxg3 28. Bxg3 Kf7 29. Rf3+ Ke8 $18) 27. fxe7 (27. Bxg3 $6 {is impossible} Bxf6
28. f3 Be6 $11) 27... Qxf4 28. e8=Q+ Kg8 29. Rd8 Be5 (29... Bd7 {
is still a small chance} 30. Qxd7 Rxd8 31. Qxd8 c6 $18) 30. Bd5+ (30. Qg6+ Bg7
31. Bd5+ Be6 32. Bxe6+ Kh8 33. Rxa8 Qf6 34. Qxf6 Bxf6 35. Rxf8+ Kg7 36. Rf7+
Kh6 37. Rxf6+ Kg7 38. Rg6+ Kh7 39. Bd5 c6 40. Re7+ Kh8 41. Rg8#) 30... Kg7 (
30... Be6 {doesn't improve anything} 31. Qg6+ Kh8 32. Bxe6 Qg5 33. Qxg5 Bh2+
34. Kxh2 Kh7 35. Rxa8 c6 36. Rxf8 b5 37. Bf5#) 31. Rxe5 Bd7 (31... Qc1+ {
doesn't do any good} 32. Re1 Qf4 33. Qe7+ Kh6 34. Rxf8 Bf5 35. Rxa8 Bh7 36.
Re6+ Qf6 37. Qxf6+ Kxh5 38. Bf3#) 32. Re7+ (32. Qe7+ Kh8 33. g3 Rxd8 34. gxf4
Ne6 35. Rxe6 Rg8+ 36. Rg6 Be6 37. Bxe6 Rxg6+ 38. hxg6 c5 39. Qh7#) 32... Kh6
$18 33. Qxf8+ $1 {Decoy: f8} Qxf8 34. Rxf8 Rxf8 35. Rxd7 1-0

[Event "Landsturneringen 2012"]
[Site "Sandefjord, Vestfold NOR"]
[Date "2012.07.14"]
[Round "9"]
[White "Garmark, Vegard"]
[Black "Savio, Niklas"]
[Result "0-1"]
[WhiteElo "1249"]
[BlackElo "1128"]
[Annotator "Fritz 11 (30s)"]
[PlyCount "96"]
[EventDate "2012.07.07"]

{C01: French: Exchange Variation} 1. e4 e6 2. d4 d5 3. exd5 exd5 4. Bd3 Nf6 5.
Ne2 Be7 6. O-O O-O {last book move} 7. Bg5 (7. Nbc3 Nc6 $11) 7... c5 (7... h6
$5 8. Be3 Bd6 $11) 8. dxc5 $14 Bxc5 9. Ng3 (9. Nbc3 Nbd7 $14) 9... h6 $11 10.
Bxf6 Qxf6 (10... gxf6 $4 11. Qh5 Kg7 12. Bf5 $18) 11. Nc3 {
White threatens to win material: Nc3xd5} d4 {
Black threatens to win material: d4xc3} (11... Be6 $5 $11 {
is an interesting idea}) 12. Nce4 $14 {White threatens to win material: Ne4xf6}
Qb6 {Black threatens to win material: Qb6xb2} 13. Qh5 {
White threatens to win material: Qh5xc5} Be7 14. Nf5 Bxf5 15. Qxf5 {
Opposite coloured bishops appeared} g6 {Black threatens to win material: g6xf5}
(15... Qxb2 $4 {leads to death in 2} 16. Nf6+ {Mate attack} Bxf6 17. Qh7#) 16.
Qe5 {White threatens to win material: Qe5xe7} (16. Qf4 Kh7 $11) 16... Nc6 $11
17. Qb5 Qxb5 18. Bxb5 f5 19. Nd2 Nb4 {Black threatens to win material: Nb4xc2}
(19... Rac8 20. Nf3 $11) 20. Rae1 {White threatens to win material: Re1xe7} (
20. a3 Nxc2 {[%emt 0:00:00]} 21. Rac1 {[%emt 0:00:08]} Rac8 {[%emt 0:00:11]}
22. Bc4+ {[%emt 0:00:08]}) 20... Bg5 {Black threatens to win material: Bg5xd2}
21. Nf3 Bf6 22. a3 {White threatens to win material: a3xb4} Nc6 23. Re6 Rac8
24. Ba4 (24. Rfe1 Kg7 $11) 24... a6 {Secures b5} 25. Rfe1 Kg7 {
Black king safety dropped} 26. Kf1 b5 27. Bb3 g5 28. Rd6 {
Attacking the isolated pawn on d4} g4 {This push gains space} 29. Ree6 gxf3 30.
Rxc6 fxg2+ 31. Kxg2 Rxc6 32. Rxc6 Rd8 33. Kf1 d3 34. c3 {Controls d4} (34. Rxa6
$2 {is inferior since it leads to} d2 35. c3 d1=Q+ 36. Bxd1 Rxd1+ 37. Ke2 Rb1
$19) 34... a5 35. Rc5 a4 {Black gains space} 36. Bd1 Bg5 (36... Re8 37. Rd5 $11
) 37. Rxb5 d2 38. Re5 (38. Rxf5 $5 Re8 39. Bxa4 $14) 38... Kf6 $11 {
Black threatens to win material: Kf6xe5} 39. Re2 Rb8 40. f3 (40. h4 Bf4 $11)
40... Rxb2 (40... Bf4 $142 41. Rg2 Rxb2 $17) 41. Rf2 $2 (41. Re8 $142 $5 $11 {
is worth consideration}) 41... Be3 (41... Bf4 $5 $19) 42. Rg2 $17 Rb1 {
Black has a mate threat} (42... Rb3 $5 43. Rg8 Rxa3 $17) 43. Ke2 $15 f4 44.
Bxa4 $4 {there were better ways to keep up the pressure} (44. Rg6+ $142 $1 {
would hold out} Kxg6 45. Bc2+ Kg5 46. Bxb1 $11) 44... Re1+ $19 45. Kd3 d1=Q+
46. Bxd1 Rxd1+ 47. Ke4 Ra1 48. c4 (48. Rg8 Rxa3 49. Rc8 $19) 48... Rxa3 0-1

[Event "Landsturneringen 2011"]
[Site "Oslo NOR"]
[Date "2011.07.02"]
[Round "1"]
[White "Utsi, Nils R"]
[Black "Bakken, Svein-Erik"]
[Result "0-1"]
[WhiteElo "1140"]
[BlackElo "1370"]
[PlyCount "54"]
[EventDate "2011.07.02"]

1. e4 c5 2. Nf3 Nc6 3. c3 a6 4. d4 cxd4 5. Nxd4 Qc7 6. Bc4 e6 7. Be3 Nf6 8. Nd2
Be7 9. Qc2 O-O 10. O-O-O b5 11. Nxc6 Qxc6 12. Bd3 d6 13. Bg5 e5 14. g3 Be6 15.
Kb1 Rac8 16. f4 Bc4 17. Bxc4 bxc4 18. fxe5 dxe5 19. Nf3 Qc7 20. h4 Rb8 21. Qe2
Ba3 22. Bc1 Rb5 23. Nd2 Qb7 24. Nxc4 Nxe4 25. Nxa3 Nxc3+ 26. Ka1 Nxe2 27. Nxb5
Qxb5 0-1

[Event "Landsturneringen 2011"]
[Site "Oslo NOR"]
[Date "2011.07.02"]
[Round "1"]
[White "Røilid, Kristian"]
[Black "Garmark, Vegard"]
[Result "0-1"]
[WhiteElo "1211"]
[BlackElo "1158"]
[Annotator "Fritz 11 (30s)"]
[PlyCount "50"]
[EventDate "2011.07.02"]

{B01: Scandinavian Defence} 1. e4 d5 2. exd5 e6 3. dxe6 Bxe6 4. Nf3 Nf6 5. d4
Be7 6. Bb5+ $146 (6. c4 O-O 7. d5 Bg4 8. Be2 c6 9. Nc3 Bb4 10. O-O Bxc3 11.
bxc3 cxd5 12. Qb3 Qe7 13. Ba3 Qxe2 14. Bxf8 Nbd7 15. Bd6 Bxf3 16. Rfe1 Qd3 17.
Qxb7 Rb8 18. Bxb8 Qg6 19. Bg3 h5 20. gxf3 h4 {
Beckel,F (2105)-Helm,D (1606)/Sottrum 2005/CBM 108 ext/1-0}) 6... c6 {
Black threatens to win material: c6xb5} 7. Bd3 O-O 8. c4 Na6 9. Nc3 Nc7 (9...
Nb4 10. O-O $16) 10. Bg5 (10. O-O Bg4 $16) 10... Bg4 11. h3 (11. Be3 Ne6 $16)
11... Bxf3 $14 12. gxf3 {White has the pair of bishops} Re8 (12... Qxd4 $4 {
the pawn is indigestible} 13. Bxh7+ {Deflection: f6} Nxh7 14. Qxd4 $18 (14.
Bxe7 {is not possible} Qxc4 15. Qd7 Rfe8 16. Qxc7 Qe6+ 17. Kd2 Rxe7 $17)) 13.
Kf1 {White loses the right to castle} (13. Be3 Ne6 $14) 13... Qd7 (13... Qxd4
$4 {the pawn is safe and cannot be captured without dire consequences} 14.
Bxh7+ {Discovered attack: d3, d1-d4} Nxh7 15. Qxd4 $18) 14. Ne2 b5 15. b3 Rad8
16. Qd2 (16. Qc2 g6 $11) 16... Ne6 {Black threatens to win material: Ne6xd4}
17. Rg1 (17. Kg2 bxc4 18. Bxc4 Nxg5 19. Qxg5 g6 $11) 17... Nxg5 (17... Nxd4 $5
18. Nxd4 Qxh3+ (18... Qxd4 $6 19. Rd1 $15) 19. Rg2 Rxd4 $17) 18. Qxg5 $15 {
White has a mate threat} Qxh3+ {Black forks: f1+f3} 19. Ke1 $2 (19. Qg2 $142
Qxg2+ 20. Kxg2 $15) 19... Bf8 $4 {weakening the position} (19... g6 $142 {
and Black can look forward to a comfortable game} 20. Qf4 bxc4 21. bxc4 c5 $19)
20. Qxf6 $18 Rd6 $2 (20... Qh2 $142 21. Qg5 Rxd4 $16) 21. Qg5 (21. Qf4 $142 $18
{and the result of the game is clear: White will win}) 21... Qxf3 $4 {
ruins a very nice position} (21... Rxd4 $142 22. Qg2 Bb4+ 23. Kf1 Qxg2+ 24.
Kxg2 Rxd3 $19) 22. Kd2 $4 {ignoring the path to victory} (22. Qg3 $142 Qxg3 23.
Rxg3 bxc4 24. Bxc4 Rxd4 25. Kf1 $18) 22... Rxe2+ $1 $19 {Double attack: e2/d2}
23. Bxe2 Rxd4+ 24. Kc1 (24. Ke1 {is the last straw} Re4 25. Qd2 $19) 24... Qxe2
(24... Ba3+ 25. Kc2 Qe4+ 26. Bd3 Qxd3#) 25. a3 Rd3 (25... Rd3 26. Qe3 Rxe3 27.
fxe3 Qxe3+ 28. Kc2 Qe2+ 29. Kb1 Bc5 30. Rg2 Qf1+ 31. Kb2 Qxg2+ 32. Kc3 Qf3+ 33.
Kc2 Qe2+ 34. Kc3 Be3 35. Ra2 Qd1 36. Re2 Qxe2 37. b4 Qxc4+ 38. Kb2 Bd4+ 39. Kb1
Qb3+ 40. Kc1 Be3#) 0-1

[Event "Landsturneringen 2011"]
[Site "Oslo NOR"]
[Date "2011.07.03"]
[Round "2"]
[White "Bakken, Svein-Erik"]
[Black "Sørli, Arne"]
[Result "1-0"]
[WhiteElo "1370"]
[BlackElo "1322"]
[PlyCount "119"]
[EventDate "2011.07.02"]

1. d4 d5 2. c4 e6 3. Nc3 Nf6 4. Bg5 Be7 5. e3 O-O 6. Nf3 Ne4 7. Bxe7 Qxe7 8.
cxd5 Nxc3 9. bxc3 exd5 10. Bd3 c6 11. Qc2 g6 12. O-O Be6 13. Rfc1 Nd7 14. c4
dxc4 15. Bxc4 Bd5 16. Bxd5 cxd5 17. Qc7 Rab8 18. Ne5 Rfd8 19. Rc5 Kf8 20. Rxd5
Nxe5 21. Qxe7+ Kxe7 22. Rxe5+ Kf8 23. Rc5 b6 24. Rc7 a5 25. Rac1 Kg8 26. Kf1 a4
27. Ke2 b5 28. Ra7 Rdc8 29. Rxc8+ Rxc8 30. Kd2 Rb8 31. d5 Kf8 32. e4 h5 33. f4
Rb6 34. e5 Rb8 35. d6 Ke8 36. h3 h4 37. Kc3 b4+ 38. Kb2 a3+ 39. Kb3 Rb5 40. Ra4
Rd5 41. Kxb4 Rd2 42. Rxa3 Rxg2 43. Ra8+ Kd7 44. Ra7+ Ke8 45. Ra8+ Kd7 46. Rh8
Rxa2 47. Rxh4 Re2 48. Kc4 Ra2 49. Kd4 Ra4+ 50. Ke3 g5 51. Rg4 gxf4+ 52. Rxf4
Ra3+ 53. Ke4 Rxh3 54. Rxf7+ Kd8 55. Kd5 Ke8 56. Ke6 Rh6+ 57. Rf6 Rh7 58. d7+
Rxd7 59. Rf8+ Kxf8 60. Kxd7 1-0

[Event "Landsturneringen 2011"]
[Site "Oslo NOR"]
[Date "2011.07.03"]
[Round "2"]
[White "Garmark, Vegard"]
[Black "Andersen, Benjamin"]
[Result "0-1"]
[WhiteElo "1158"]
[BlackElo "1208"]
[Annotator "Fritz 11 (30s)"]
[PlyCount "88"]
[EventDate "2011.07.02"]

{C46: 3 Nc3: Unusual Black 3rd moves} 1. e4 e5 2. Nf3 Nc6 3. Nc3 Bc5 4. d3 d6
5. Be2 (5. Na4 Nf6 6. Be2 Bg4 7. O-O Qe7 8. c3 Bb6 9. h3 Bd7 10. Nxb6 axb6 11.
c4 h6 12. Be3 Nd8 13. Nh2 Ne6 14. f4 exf4 15. Bxf4 Nxf4 16. Rxf4 b5 17. cxb5
Bxb5 18. Qd2 O-O 19. Raf1 Nh7 {
Vorotnikov,V (2430)-Suetin,A (2375)/Moscow 1991/CBM 021 ext/0-1 (55)}) 5... f5
$146 (5... Be6 6. Nd5 a6 7. Be3 b6 8. Bxc5 bxc5 9. Nc3 Nf6 10. O-O O-O 11. Qd2
Rb8 12. b3 h6 13. Nh4 Ng4 14. Bxg4 Bxg4 15. Nf3 Qf6 16. Qe3 Qg6 17. Rfe1 Bh3
18. Nh4 Qg4 19. Qxh3 Qxh3 20. gxh3 {
Randaxhe,R-Iturrioz,E/Villa Giardino 2002/CBM 088 ext/1/2-1/2}) (5... Nge7 6.
O-O O-O 7. Bg5 f5 8. exf5 Bxf5 9. Nh4 Qd7 10. Nxf5 Qxf5 11. Be3 Nd4 12. Bg4 Qf7
13. Ne4 Bb6 14. Ng5 Qf6 15. c3 Ndf5 16. Bxb6 axb6 17. Ne4 Qf7 18. Qe2 d5 19.
Nd2 Qg6 20. c4 {
Krueger,J (1332)-Nellesen,S (1387)/Erlensee 2007/CBM 117 ext/1-0 (71)}) (5...
h6 6. O-O Nf6 7. Bd2 O-O 8. h3 Be6 9. Qc1 Nh7 10. Be3 Bxe3 11. Qxe3 Qf6 12. Ne1
Nd4 13. Bd1 Qg6 14. Qg3 Ng5 15. Bg4 Bxg4 16. Qxg4 Qe6 17. Qxe6 Ngxe6 18. Rc1 b5
19. b4 a5 20. Rb1 {Roesch,C-Reiser,D/Lingen 1995/Juniors/1/2-1/2 (33)}) 6. Na4
Bb6 7. Nxb6 axb6 8. a3 {Controls b4} Nf6 9. exf5 Bxf5 10. Bg5 h6 11. Be3 Nd5
12. c4 Nxe3 13. fxe3 Qf6 14. e4 Bg4 15. O-O Qe6 (15... Qf4 $142 $5 $15 {
deserves consideration}) 16. Nh4 $14 Bxe2 17. Qxe2 Ne7 18. Nf5 O-O 19. Qg4 Nxf5
20. Rxf5 Rxf5 21. exf5 Qd7 22. Rf1 Rf8 23. Qe4 c6 24. g4 Rf6 (24... Qe7 25. Qe3
$11) 25. d4 {White threatens to win material: d4xe5} Qf7 26. dxe5 dxe5 {
Black has a new passed pawn: e5.} 27. Rc1 (27. h3 $142 $14) 27... g5 $4 (27...
h5 28. h3 $11) 28. fxg6 $4 {releasing the pressure on the opponent} (28. Qxe5
$142 {White has a promising position} Kh7 29. Re1 $18) 28... Rxg6 29. Rf1 {
White threatens to win material: Rf1xf7} Qg7 30. h3 h5 {
Black threatens to win material: h5xg4} 31. Rf2 (31. Rf5 hxg4 32. h4 g3 $14)
31... hxg4 $11 32. Rg2 {White threatens to win material: Rg2xg4} g3 {
White has a new passed pawn: h3. Black has a new passed pawn: g3} 33. Qh4 (33.
Re2 $5 $11 {should be investigated more closely}) 33... Rg5 34. Rd2 Qg6 (34...
Qf6 35. Kg2 $17) 35. Rd8+ (35. c5 bxc5 36. Qc4+ Qf7 37. Rd8+ Kg7 38. Qxc5 g2
$11) 35... Kf7 $17 36. Rd7+ (36. Rd2 Qf5 37. Re2 Kg7 $17) 36... Ke6 37. Rd1 Rh5
$4 {forfeits the clear win} (37... Qc2 $142 38. Qh6+ Rg6 $19) 38. Qg4+ (38. Qd8
$142 {and the result of the game is clear: White will win} Qf5 39. Rd6+ Kf7 40.
Qc7+ Kg8 41. Rd8+ Qf8 42. Rxf8+ Kxf8 43. Qb8+ Ke7 44. Qxb7+ Kf8 45. Qxc6 $18)
38... Qxg4 $19 39. hxg4 Rg5 40. Kg2 Rxg4 41. b4 (41. Rh1 {
doesn't get the bull off the ice} e4 $19) 41... Rg7 (41... Rxc4 {
and Black can already relax} 42. b5 $19) 42. Rd3 (42. Re1 {
does not solve anything} c5 $19) 42... Kf5 43. Rxg3 (43. Rf3+ {
praying for a miracle} Ke4 44. Rf6 $19) 43... Rxg3+ 44. Kxg3 Ke4 0-1

[Event "Landsturneringen 2011"]
[Site "Oslo NOR"]
[Date "2011.07.04"]
[Round "3"]
[White "Bakken, Svein-Erik"]
[Black "Røine, Morten"]
[Result "1/2-1/2"]
[WhiteElo "1370"]
[BlackElo "1470"]
[PlyCount "46"]
[EventDate "2011.07.02"]

1. d4 Nf6 2. c4 e6 3. Nc3 Bb4 4. Bg5 h6 5. Bh4 O-O 6. e3 Be7 7. Nf3 d5 8. Qc2
c6 9. Bd3 dxc4 10. Bxc4 Nd5 11. Bg3 Nd7 12. O-O N7b6 13. Nxd5 exd5 14. Be2 Be6
15. Ne5 Rc8 16. Qd2 Nd7 17. Rac1 Nxe5 18. Bxe5 Bd6 19. Bxd6 Qxd6 20. Rc3 Rc7
21. Rfc1 Rfc8 22. a3 c5 23. dxc5 Rxc5 1/2-1/2

[Event "Landsturneringen 2011"]
[Site "Oslo NOR"]
[Date "2011.07.05"]
[Round "4"]
[White "Skjold, Reidar"]
[Black "Bakken, Svein-Erik"]
[Result "0-1"]
[WhiteElo "1475"]
[BlackElo "1370"]
[PlyCount "112"]
[EventDate "2011.07.02"]

1. e4 c5 2. Nf3 Nc6 3. d4 cxd4 4. Nxd4 a6 5. Be2 e6 6. a3 Qc7 7. O-O Nf6 8. Nc3
Be7 9. Be3 O-O 10. Nb3 b5 11. Nc5 d6 12. Nd3 Rd8 13. Qe1 Bb7 14. f3 Rac8 15.
Qf2 Qb8 16. Rad1 d5 17. exd5 Nxd5 18. Nxd5 Rxd5 19. Nf4 Rxd1 20. Rxd1 Ne5 21.
c3 Nc4 22. Bxc4 Rxc4 23. Rd7 Bg5 24. Qd2 h6 25. Nh3 Bxe3+ 26. Qxe3 Bd5 27. Qa7
Qxa7+ 28. Rxa7 Rc6 29. Nf4 Bc4 30. Ra8+ Kh7 31. Kf2 Rd6 32. Ke3 e5 33. Nh3 Bf1
34. Kf2 Bc4 35. Kg3 f5 36. f4 e4 37. Ra7 Re6 38. Kf2 e3+ 39. Ke1 Kg6 40. Rd7
Kf6 41. Ng1 g5 42. g3 Kg6 43. Ne2 Kh5 44. Nd4 Re4 45. Nxf5 gxf4 46. gxf4 Rxf4
47. Ng3+ Kg4 48. Re7 Rf2 49. Rxe3 Rxh2 50. Ne2 Rxe2+ 51. Rxe2 Bxe2 52. Kxe2 Kf4
53. Kd3 h5 54. Ke2 Ke4 55. b3 h4 56. Kf2 Kd3 0-1